15 krajów o największej liczbie zgonów Covid19; 11 listopada - Statystyki

Ogólne statystyki
  • Ten quiz został rozwiązany 29 razy
  • Średni wynik to 10 z 20
Statystyki odpowiedzi
kraj % Poprawnych
Stany Zjednoczone
88%
Rosja
85%
Indie
77%
Francja
73%
Wielka Brytania
69%
Brazylia
65%
Meksyk
65%
Włochy
65%
Argentyna
58%
Hiszpania
58%
Indonezja
46%
Chile
38%
Iran
38%
Kolumbia
38%
Republika Południowej Afryki
38%
Peru
23%
Belgia
15%
Boliwia
15%
Ekwador
15%
Panama
8%
Nie znaleziono quizów pasujących do podanych kryteriów
Rozkład punktacji
Procent ludzi z każdym wynikiem
Percentyl według liczby udzielonych odpowiedzi
Twoja historia wyników
Nie rozwiązałeś tego quizu